| 000 -ლიდერი |
| ფიქსირებული სიგრძის საკონტროლო ველი |
01112nam a2200229Ia 4500 |
| 001 - საკონტროლო ნომერი |
| საკონტროლო ველი |
15477 |
| 003 - საკონტროლო ნომრის იდენტიფიკატორი |
| საკონტროლო ველი |
GE_BSU |
| 005 - ბოლო ოპერაციის თარიღი და დრო |
| საკონტროლო ველი |
20241129160719.0 |
| 008 - ფიქსირებული სიგრძის მონაცემთა ელემენტები - ზოგადი ინფორმაცია |
| ფიქსირებული სიგრძის საკონტროლო ველი |
181216s1978||||ge |||||||||||||| ||geo|| |
| 040 ## - კატალოგიზაციის წყარო |
| Transcribing agency |
GE_BSU |
| 041 ## - ენის კოდი |
| Language code of text/sound track or separate title |
geo |
| 080 ## - უნივერსალური ათობითი კლასიფიკაციის ინდექსი |
| Universal Decimal Classification number |
369(47+57) ბ-95 |
| 100 ## - მთავარი ჩანაწერი - პიროვნების სახელი |
| Personal name |
ბუზუკაშვილი, ი. |
| 9 (RLIN) |
23835 |
| 245 ## - ცნობა სათაურის შესახებ |
| Title |
სახელმწიფო დაზღვევა / |
| Statement of responsibility, etc |
ი. ბუზუკაშვილი, გ. კორსავა ; რედ. : ო. გიორგობიანი ; საქ. სსრ სახელმწ. დაზღვევის სამმართველო. |
| 264 ## - წარმოების, გამოცემის, დისტრიბუციის და სხვა ცნობები |
| გამოცემის, წარმოების, დისტრიბუციის... ადგილი |
თბილისი : |
| გამოცემის, წარმოების, დისტრიბუციის... სახელწოდება |
მეცნიერება, |
| გამოცემის, წარმოების, დისტრიბუციის... თარიღი |
1978. |
| 300 ## - ფიზიკური აღწერა |
| Extent |
225 გვ. ; |
| Dimensions |
22 სმ. |
| 490 ## - სერიის ცნობა |
| Series statement |
საქ. სსრ სახ. დაზღვევის სამმართველო |
| 653 ## - INDEX TERM--UNCONTROLLED |
| Uncontrolled term |
სახელმწიფო დაზღვევა |
| 700 ## - ADDED ENTRY--PERSONAL NAME |
| Personal name |
კორსავა, გ. |
| Relator term |
ავტორი |
| 9 (RLIN) |
23836 |
| 700 ## - ADDED ENTRY--PERSONAL NAME |
| Personal name |
გიორგობიანი, ო. |
| Relator term |
რედაქტორი |
| 9 (RLIN) |
23837 |
| 942 ## - ADDED ENTRY ELEMENTS (KOHA) |
| Koha item type |
წიგნი |
| Source of classification or shelving scheme |
|